000 00346 a2200157 4500
001 195332
020 _a978-85-418-1005-0
040 _cMagnum
100 _aAlbergaria, Lino de
240 1 0 _aÁlbum de família
_lpor
245 1 0 _aÁlbum de família
300 _a60
362 0 _a2015
697 _aLITERATURA INFANTO-JUVENIL
942 _cBK
999 _c195332
_d195332